Propuesta de plan estratégico para la empresa Xolo S.A.

Presenta propuesta de plan estratégico para la empresa Xolo S.A, como mejora de la administración del talento humano desde la perspectiva del desarrollo dentro de la organización en correspondencia con lineamientos estratégicos, como es la medición de la cultura y el clima organizacional.

Bibliographic Details
Main Authors: Ramírez Guadamuz, Veranyces, Matus Matus, José Luis
Other Authors: Tutor: Sequeira Hernández, José Manuel
Format: Tesis Section = Libro
Language:Undetermined
Spanish
Published: Managua UNI 2013
Subjects:
LEADER 01199nam a2200277Ia 4500
008 240830s9999 xx 000 0 und d
040 |a BIBLIOTECA-RUSB/ M.Mon 658.4012 R173 
041 |a spa 
082 |a M.Mon 658.4012 R173 
100 1 |a Ramírez Guadamuz, Veranyces 
100 1 |b Matus Matus, José Luis 
245 1 0 |a Propuesta de plan estratégico para la empresa Xolo S.A. 
260 |a Managua  |b UNI  |c 2013 
300 |a 106 p. :il. 
500 |a Contiene: anexos. 
502 |a Tesis (Máster en Informática Aplicada con mención en Gestión Empresarial) - UNI, 2013. 
520 3 |a Presenta propuesta de plan estratégico para la empresa Xolo S.A, como mejora de la administración del talento humano desde la perspectiva del desarrollo dentro de la organización en correspondencia con lineamientos estratégicos, como es la medición de la cultura y el clima organizacional. 
650 7 |a PLANIFICACION ESTRATÉGICA 
650 7 |b  PLANIFICACION EMPRESARIAL 
650 7 |c  ESTRATEGIA ADMINISTRATIVA 
650 7 |d  ANÁLISIS FODA 
650 7 |e  ANALIS FINANCIERO 
700 1 |a Tutor:  |b Sequeira Hernández, José Manuel 
942 |c BK  |2 ddc 
991 |a TESIS 
999 |c 19390